00410nam a2200133Ia 4500003000400000008004100004020001100045040000800056041000700064100002900071245011900100260004900219300000800268LDD190117s9999 xx 000 0 und d c₹150 cLDD ahi aनगेन्द्र 0aमैथिलीशरण गुप्त काव्य-संदर्भ कोशcनगेन्द्र aदिल्लीbप्रभातc1987 a248